000 00848nam a2200241 a 4500
001 38351
003 BD-RjUL
005 20211209052759.0
008 151110s2004 bg a|||| b||| 00| 0 ben d
020 _a984829872X
035 _a(BD-RjUL)38456
040 _aBD-RjUL
_bben
_cBD-RjUL
041 _aben
082 _223
_a302
_bARU 2004
100 _aআরা, শওকত
_9118523
245 _aউচ্চতর সমাজ মনোবিজ্ঞান /
_cশওকত আরা
260 _aঢাকা :
_bজ্ঞান বিতরণী,
_c২০০৪
300 _a৫৮৩ পৃ. :
_bচিত্র;
_c২২ সেমি.
504 _aগ্রন্থপঞ্জী সংযুক্ত
650 _aসমাজ মনোবিজ্ঞান
_9118524
650 _aSocial psychology
_9118525
942 _2ddc
_cBK
_017
999 _c38351
_d38351